000 00573nam a22001817a 4500
005 20251108172456.0
008 250721s1989 xx 000 0 ara d
082 1 4 _a920.71/دوم
100 1 _aابو دومة، سيد
245 1 0 _aرشدى فكار المفكر الاسلامي العالمي ونهاية عما لغة في حضارةالغرب /
264 1 _aالقاهرة :
_bمكتبة وهبه،
_c1989.
300 _a150ص.
650 1 7 _aالتراجم
650 1 7 _aالرجال
650 1 7 _aالاشتراكية
942 _2ddc
_cBK
999 _c80302
_d80302